000 00515nam a2200133Ia 4500
005 20260209120149.0
008 260209s9999||||xx |||||||||||||| ||und||
100 _aBhumika K
245 4 _aThe cyber wargames : proportional countermeasures, anticipatory self-defence and cyber deterrence
260 _aBangaloreBangalore
_bNLSIU, Bangalore
_c2023 - 2024
300 _a32 p. ; 25 cm.
700 _aDr. Ashna Singh - SupervisorDr. Ashna Singh - Supervisor
856 _uhttps://dans.nls.ac.in/handle/123456789/2179
999 _c217655
_d217655